|
|
|
|
| LEADER |
01604nam a2200277 a 4500 |
| 001 |
3258652 |
| 008 |
130327s1986 bg 000 0 eng d |
| 010 |
|
|
|a 80902166
|
| 040 |
|
|
|a DLC
|c DLC
|d DLC
|d BD-DhAAL
|
| 082 |
0 |
0 |
|a 303.3
|
| 245 |
0 |
4 |
|a The Net :
|b power structure in ten villages.
|
| 260 |
|
|
|a Dacca :
|b Bangladesh Rural Advancement Committee,
|c 1986.
|
| 300 |
|
|
|a 93 p. ;
|c 22 cm.
|
| 490 |
0 |
|
|a rural study series
|
| 541 |
|
|
|e 00026739
|
| 650 |
|
0 |
|a Power (Social sciences)
|
| 650 |
|
0 |
|a Local government
|z Bangladesh.
|
| 710 |
2 |
|
|a Bangladesh Rural Advancement Committee.
|
| 852 |
1 |
|
|a Ayesha Abed Library
|c General shelf.
|
| 999 |
|
|
|c 13268
|d 13268
|
| 952 |
|
|
|0 0
|1 4
|2 ddc
|4 0
|6 303_300000000000000_NET
|7 0
|9 22155
|a BRACUL
|b BRACUL
|c GEN
|d 2013-03-27
|e BDI
|l 2
|o 303.3 NET
|p 3010026739
|r 2020-01-26
|s 2020-01-19
|t 1
|w 2013-03-27
|y BK
|x Koha Inventory 2020
|
| 952 |
|
|
|0 0
|1 0
|2 ddc
|4 0
|6 303_300000000000000_NET
|7 0
|9 54615
|a SCL
|b SCL
|c GEN
|d 2015-06-30
|g 28.00
|l 0
|o 303.3 NET
|p 3020008238
|r 2015-06-30
|t 2
|w 2015-06-30
|y BK
|
| 952 |
|
|
|0 0
|1 0
|2 ddc
|4 0
|6 303_300000000000000_NET
|7 0
|9 54616
|a SCL
|b SCL
|c GEN
|d 2015-06-30
|g 28.00
|l 0
|o 303.3 NET
|p 3020008241
|r 2015-06-30
|t 3
|w 2015-06-30
|y BK
|
| 952 |
|
|
|0 0
|1 0
|2 ddc
|4 0
|6 303_300000000000000_NET
|7 0
|9 54617
|a SCL
|b SCL
|c GEN
|d 2015-06-30
|g 28.00
|l 0
|o 303.3 NET
|p 3020008242
|r 2015-06-30
|t 4
|w 2015-06-30
|y BK
|
| 952 |
|
|
|0 0
|1 0
|2 ddc
|4 0
|6 303_300000000000000_NET
|7 0
|9 54621
|a SCL
|b SCL
|c GEN
|d 2015-06-30
|g 28.00
|l 0
|o 303.3 NET
|p 3020008239
|r 2015-06-30
|t 5
|w 2015-06-30
|y BK
|
| 952 |
|
|
|0 0
|1 0
|2 ddc
|4 0
|6 303_300000000000000_NET
|7 0
|9 54754
|a SCL
|b SCL
|c GEN
|d 2015-07-05
|g 28.00
|l 0
|o 303.3 NET
|p 3020008240
|r 2015-07-05
|t 6
|w 2015-07-05
|y BK
|